000 03078nam a22004217i 4500
001 193224
003 ES-MaACL
005 20250807124652.0
007 ta
008 231016b sp ||||| |||| 00| 0 spa d
017 _aM 13847-2018
_bOficina Depósito Legal Madrid
020 _a9788494830754
040 _bspa
_cES-MaACL
080 _a821.134.2-31"19"
080 _a929 Aníbal (0:82)
100 1 _aGonzalo Aizpiri, Arturo,
_d1963-
_eaut
_9234343
245 1 3 _aLa cólera de Aníbal /
_cArturo Gonzalo Aizpiri
250 _aPrimera edición
260 _a[Madrid] :
_bEvohé,
_c2018
300 _a416 páginas :
_bmapas ;
_c24 cm
336 _2rdacontent
_aTexto
337 _2rdamedia
_asin mediación
338 _2rdacarrier
_avolumen
490 1 _aNovela histórica
500 _aGlosario
504 _aBibliografía: páginas 415-416
520 _aTras los dramáticos sucesos que pusieron a Aníbal al frente de los ejércitos cartagineses, la tensa pausa del invierno se ha instalado en Ispania. Todos saben que esa tregua durará lo que tarde en llegar la primavera. Aníbal toma las riendas de los territorios conquistados por Amílcar y Asdrúbal y prepara sus nuevas campañas, empujado por una ambición sin límites. Al mismo tiempo vigila los movimientos de sus enemigos en Roma, en la propia Cartago y, sobre todo, en el interior de Ispania. Comprende que todas sus aspiraciones dependen de su capacidad de doblegar a la coalición de pueblos íberos que le hace frente. La rebeldía de ólcades y oretanos es, además de una amenaza militar, una ofensa a la reputación de Cartago y al honor de la familia Barca que no puede seguir tolerando. Tras el éxito de El heredero de Tartessos y El cáliz de Melqart, Arturo Gonzalo Aizpiri lleva a los lectores a aquel momento vertiginoso en que Aníbal Barca, comandando a los cartagineses en la península Ibérica con un talento militar, una audacia y un carisma personal sin parangón desde Alejandro Magno, se dispuso a cambiar para siempre el curso de la Historia. La cólera de Aníbal pone el esperado broche final a la Trilogía de Aníbal, una epopeya que ha cautivado ya a millares de lectores. Y lo hace con uno de esos relatos memorables donde los grandes hechos militares no impiden prestar atención a personajes que, con su incondicional humanidad, nos invitan a acompañarlos. Y que se empeñan en permanecer con nosotros tras la última página.
600 0 4 _9234344
_aAníbal,
_d247-182 a.C.-
_vNovelas
655 7 _aNovelas históricas
_2tgfbne
_9226782
830 _aNovelas históricas
_9183759
852 _aES-MaACL
_bR. 154619
_cDEPOJ
_9200641
_jN-9385
_hDonación: Arturo Gonzalo Aizpiri
_xEncuadernación rústica con solapas
903 _aGonzalo Aizpiri, Arturo,
_d1963-
_ednr
_9234343
942 _n0
_cMONOGRAFIA
999 _c193224
_d193224